|
|
|
|
| LEADER |
00000nab a2200000 a 4500 |
| 001 |
vtls009472194 |
| 003 |
SK-MaSNL |
| 005 |
20260304012132.0 |
| 008 |
090212 1973 xo |00 0 slo |
| 015 |
|
|
|a SNBRB1973
|2 snkbucl
|
| 040 |
|
|
|a SNKBUCL
|b slo
|c SNKBUCL
|e AACR2
|
| 041 |
0 |
|
|a slo
|
| 044 |
|
|
|a xo
|c SK
|
| 080 |
|
|
|a 796.422.015
|2 2001
|
| 100 |
1 |
|
|a Laczo, Eugen,
|d 1947-
|4 aut
|9 249126
|
| 245 |
1 |
0 |
|a Optimálny rozvoj špeciálnej sily v prekážkových disciplínach
|c Eugen Laczo
|
| 300 |
|
|
|b Obr.
|
| 650 |
0 |
7 |
|a atletika
|2 snkbucl
|9 3279
|
| 650 |
0 |
7 |
|a prekážkový beh
|2 snkbucl
|9 3284
|
| 773 |
0 |
|
|t Tréner
|g Roč. 17, č. 10 (1973), s. 445-447
|
| 999 |
|
|
|c 2569986
|d 2571916
|